Paisaxe en rocha viva / (Record no. 107589)

MARC details
000 -LEADER
campo de control de longitud fija 00533nam a2200181 4500
001 - NÚMERO DE CONTROL
campo de control 107589
003 - IDENTIFICADOR DE NÚMERO DE CONTROL
campo de control ES-MaACL
005 - FECHA Y HORA DE LA ÚLTIMA TRANSACCIÓN
campo de control 20250823051519.0
007 - CAMPO FIJO DE DESCRIPCIÓN FÍSICA--INFORMACIÓN GENERAL
campo de control de longitud fija t|
008 - DATOS DE LONGITUD FIJA--INFORMACIÓN GENERAL
campo de control de longitud fija 061121s1958 sp r ||||1| gao d
100 1# - ENTRADA PRINCIPAL--NOMBRE DE PERSONA
Nombre de persona Moreiras, Eduardo.
9 (RLIN) 83228
245 10 - MENCIÓN DEL TÍTULO
Título Paisaxe en rocha viva /
Mención de responsabilidad, etc. Eduardo Moreiras ; limiar de Alvaro Cunqueiro.
260 ## - PUBLICACIÓN, DISTRIBUCIÓN, ETC.
Lugar de publicación, distribución, etc. Vigo :
Nombre del editor, distribuidor, etc. Galaxia,
Fecha de publicación, distribución, etc. 1958.
300 ## - DESCRIPCIÓN FÍSICA
Extensión 66 p. ;
Dimensiones 21.
700 1# - ENTRADA AGREGADA--NOMBRE PERSONAL
Nombre de persona Cunqueiro, Álvaro,
Fechas asociadas al nombre 1911-1981
9 (RLIN) 42188
852 ## - LOCALIZACIÓN
Ubicación ES-MaACL
Número de control de estantería C-17742
Sublocalización o colección R.42969
Holdings
Estatus retirado Estado de pérdida Estado de daño No para préstamo Biblioteca de origen Biblioteca actual Ubicación en estantería Fecha de adquisición Fuente de adquisición Total de préstamos Signatura topográfica completa Código de barras Visto por última vez Precio de reemplazo Tipo de ítem Koha
        Biblioteca del Ateneo de Madrid Biblioteca del Ateneo de Madrid Galería 17/01/2008     C-17742 1112283 23/02/2023 23/02/2023 Libro impreso